Environment and planning international journal of architectural and building research

Saved in:
Bibliographic Details
Format: Serial
Language:English
Published: London Pion
Tags: Add Tag
No Tags, Be the first to tag this record!

MARC

LEADER 00000nas1a22000001 4500
001 0009975
005 20250730114819.5
041 0 |a eng 
044 |a GB 
245 1 0 |a Environment and planning  |b international journal of architectural and building research 
264 1 |a London  |b Pion